000 01182naa a22003137a 4500
001 BR7903759
003 BR-BrBNA
005 20240918174416.0
007 ta
008 230509b bl.||||| |||| 00| 0 por d
040 _aBR-BrBNA
_bpor
_cBiblioteca Nacional de Agricultura
041 _a(Pt)
072 _aH60; F70
_b0336
_bG514
090 _aH60 BR7903759
100 1 _aGroth, D.
100 1 _aSilva, H.T. da
100 1 _aWeiss, B.
111 1 _a1. Seminario Nacional de Pesquisa de Soja
_cLondrina, PR (Brazil)
_d24 Sep 1978
245 1 _aCaracterizacao botanica de plantas de especies invasoras e respectivas sementes na cultura da soja (Glycine max (L.)Merrill)no Rio Grande do Sul [Brasil]
260 3 _aLondrina, PR (Brasil):
_c1979.
500 _aAnais do 1. Seminario Nacional de Pesquisa de Soja Londrina, PR (Brasil): 1979. p. 187-202 (BR7903759-AM)H60
650 _aERVA DANINHA
650 _aTAXONOMIA VEGETAL
650 _aSOJA
650 _aRIO GRANDE DO SUL
773 0 _tAnais do 1. Seminario Nacional de Pesquisa de Soja
_b
_wH60 BR7903759
_gLondrina, PR (Brasil), 1979. p. 187-202
909 _a202404
_bLucia
_c55
_dLucia Elande
942 _cAM
_2AGRIS
999 _c311049
_d311049